Наръчник по трудови отношения (Запис номер 5884)
[ съкратено ]
| 000 -Лидер | |
|---|---|
| Контролно поле с фиксирана дължина | 02100nam a2200445 c 4500 |
| 003 - Код на организацията, давaща контролен номер | |
| Контролно поле | BLK |
| 005 - Дата и час на последна редакция | |
| Контролно поле | 20181130161017.0 |
| 008 - Елементи от данни с фиксирана дължина | |
| fixed length control field | 180412b bul|||||r ||||||| ||bul|| |
| 010 ## - Наследен системен номер | |
| LC control number | KNG00007094000 |
| 020 ## - Международен стандартен номер на книга ISBN | |
| Международен стандартен номер на книга ISBN | 954-608-061-6 |
| -- | издат.: Труд и право |
| 040 ## - Източник на каталожния запис | |
| Идентификатор на билиотеката - собственик на записа | BLK |
| 041 ## - Код за език | |
| Код за езика на текст/звукозапис или на отделно заглавие | Български |
| Код за езика КДБФ | Български |
| 080 ## - УДК | |
| Текстов определител УДК | Трудово законодателство. Работническо законодателство. Социално законодателство |
| УДК код - определител по УДК | 351.83 |
| УДК определител | :331(497.2)(094.9) |
| УДК - код + определител | 351.83:331(497.2)(094.9) |
| 080 ## - УДК | |
| Текстов определител УДК | Трудово право. Вж и 331 |
| УДК код - определител по УДК | 349.2 |
| УДК определител | (497.2)(035) |
| УДК - код + определител | 349.2(497.2)(035) |
| 100 1# - Редна дума - Автор | |
| Автор | Банова, Емилия Симеонова |
| Авторска отговорност | първи автор |
| R(LIN) | 250739 |
| 139 ## - Редно поле | |
| Редна дума | Банова, Емилия Симеонова и др. |
| Авторски знак | Бан - Б 25 |
| 245 10 - Сведения за заглавието | |
| Заглавие | Наръчник по трудови отношения |
| Редно поле (дума) | Емилия Симеонова Банова; съавт. Стойна Илиева Сербезова; съавт. Чавдар Стоянов Христов. |
| 257 ## - Страна на издаване | |
| Страна на създаване/издаване | България |
| 260 ## - Област на издателските данни | |
| -- | София |
| Име на издателя, разпространителя и проч. | Труд и право |
| Година на издаване | 2001 |
| Печатница | София : ПК Д. Благоев |
| 300 ## - Физическа характеристика | |
| Страници | 416 с. |
| Размери/Мащаб | 21 см |
| 380 ## - Жанр | |
| Жанр | Обществени науки |
| 500 ## - Общи забележки | |
| Забележка | Офс. изд. |
| 650 #4 - Допълнително описание по предмет – тема | |
| Основно описание – тема или топоним | Труд - България - законодателни и директивни материали |
| 9 (RLIN) | 250742 |
| 650 #4 - Допълнително описание по предмет – тема | |
| Основно описание – тема или топоним | Трудови отношения - България - нормативни актове и коментар |
| 9 (RLIN) | 250743 |
| 650 #4 - Допълнително описание по предмет – тема | |
| Основно описание – тема или топоним | Трудово право - България |
| 9 (RLIN) | 248377 |
| 653 ## - Ключова дума – ненормативна | |
| Ключова дума | труд |
| 653 ## - Ключова дума – ненормативна | |
| Ключова дума | трудови отношения |
| 653 ## - Ключова дума – ненормативна | |
| Ключова дума | трудово право |
| 653 ## - Ключова дума – ненормативна | |
| Ключова дума | България |
| 653 ## - Ключова дума – ненормативна | |
| Ключова дума | закони |
| 653 ## - Ключова дума – ненормативна | |
| Ключова дума | нормативни документи |
| 653 ## - Ключова дума – ненормативна | |
| Ключова дума | наръчници |
| 700 1# - Други автори (авторска отговорност) | |
| Лично име | Сербезова, Стойна Илиева |
| Автороска отговорност (Описва отношението между автора и произведението) | съавт. |
| 9 (RLIN) | 250740 |
| 700 1# - Други автори (авторска отговорност) | |
| Лично име | Христов, Чавдар Стоянов |
| Автороска отговорност (Описва отношението между автора и произведението) | съавт. |
| 9 (RLIN) | 250741 |
| 852 ## - Местоположение | |
| Форматна сигнатура | Цб 210724 |
| 856 4# - Електронен адрес и достъп | |
| Електронен формат | pdf - файл |
| Път до файла /url/ | |
| 856 4# - Електронен адрес и достъп | |
| Електронен формат | pdf - файл |
| Път до файла /url/ | |
| 942 ## - АРТИКУЛИ | |
| Вид на библиотечния материал | Книги |
| Скрит в OPAC | Не |
| Koha issues (borrowed), all copies | 1 |
| 944 ## - СЪЗДАВАНЕ И РЕДАКЦИЯ на ЗАПИСА | |
| Създаване/Редакция | Създаване |
| Дата на регистрацията/редакция | 15.01.2003 |
| Служител, извършил регистрацията/редакцията | Людмила_Стоянова |
| 944 ## - СЪЗДАВАНЕ И РЕДАКЦИЯ на ЗАПИСА | |
| Създаване/Редакция | Редакция |
| Дата на регистрацията/редакция | 21.12.2005 |
| Служител, извършил регистрацията/редакцията | |
| 999 ## - СИСТЕМНИ КОНТРОЛНИ НОМЕРА | |
| Koha biblionumber | 5884 |
| Koha biblioitemnumber | 5884 |
| Код за отписване | Код за изгубен артикул | Източник на класификационната схема | Код за повреда | Коз за рестрикции | Код за отдаване | Артикулен № | Име на библиотеката - собственик | Име на библиотеката, в която се намира в момента | Статус (Текущо местоположение) | Дата на вписване в системата | Местоположение - отдел | Цена в лева | Инвентарен номер | Систематично азбучна сигнатура | Баркод | Номер на екземпляра | Цена в евро | Служебна бележка | Служебен тип на артикула | Бележка за публиката |
|---|---|---|---|---|---|---|---|---|---|---|---|---|---|---|---|---|---|---|---|---|
| Изтеглен | Не е изгубен | Universal Decimal Classification | Не е повреден | без рестрикции | заемане за дома | 10351 | Регионална библиотека "Любен Каравелов" Русе | Регионална библиотека "Любен Каравелов" Русе | Заемна - подръчен фонд | 2002-05-10 | Заемна - подръчен фонд | 18.00 | 120000669857 | П 351/Б 25 | 120000669857 | 1 | 9.20 | Дост: DA Вид: А N: 17 Дата: 10.05.2002 | Книги | |
| Изтеглен | Не е изгубен | Universal Decimal Classification | Не е повреден | без рестрикции | заемане за дома | 10352 | Регионална библиотека "Любен Каравелов" Русе | Регионална библиотека "Любен Каравелов" Русе | Заемна - подръчен фонд | 2002-05-10 | Заемна - подръчен фонд | 18.00 | 120000669858 | П 351/Б 25 | 120000669858 | 2 | 9.20 | Дост: DA Вид: А N: 17 Дата: 10.05.2002 Дата инв: 06.02.2018 Бележки инв: П2018 | Книги | |
| Не е изгубен | Не е повреден | без рестрикции | ползва се в читалня | 10353 | Регионална библиотека "Любен Каравелов" Русе | Регионална библиотека "Любен Каравелов" Русе | Хранилище | 2002-05-11 | Хранилище | 18.00 | 120000669874 | Цб 210724 | 120000669874 | 3 | 9.20 | Дост: Dp Вид: Д N: 49 Дата: 28.11.2001 | Книги | |||
| Изтеглен | Не е изгубен | Не е повреден | без рестрикции | заемане за дома | 10354 | Регионална библиотека "Любен Каравелов" Русе | Регионална библиотека "Любен Каравелов" Русе | 2005-12-20 | Заемна - подръчен фонд | 18.00 | 120000698871 | П 351/Б 25 | 120000698871 | 4 | 9.20 | Дост: DA Вид: А N: 26 Дата: 20.12.2005 | Книги | Отч.N: 20/2018 , Дата: 26.03.2018 | ||
| Изтеглен | Не е изгубен | Universal Decimal Classification | Не е повреден | без рестрикции | заемане за дома | 10355 | Регионална библиотека "Любен Каравелов" Русе | Регионална библиотека "Любен Каравелов" Русе | Заемна - подръчен фонд | 2005-12-20 | Заемна - подръчен фонд | 18.00 | 120000698872 | П 351/Б 25 | 120000698872 | 5 | 9.20 | Дост: DA Вид: А N: 26 Дата: 20.12.2005 Дата инв: 07.02.2018 Бележки инв: П2018 | Книги |